| 000 | 00394nam a2200169Ia 4500 | ||
|---|---|---|---|
| 001 | 4169 | ||
| 008 | 140318s9999 xx 000 0 und d | ||
| 040 | _cPK-LaUMT | ||
| 082 |
_a 954.03 _bNOO-M |
||
| 100 | _aNoor-ul-Haq | ||
| 245 |
_aMaking of Pakistan : The military perspective _cNoor-ul-Haq |
||
| 260 | _c1993 | ||
| 300 | _a332 p. | ||
| 546 | _aEN | ||
| 650 | _aIndia-History | ||
| 942 | _cBK | ||
| 999 |
_c4386 _d4386 |
||